000 01395cam a2200421 a 4500
001 38560
005 20230410143500.0
008 950309s1995 nyua d 001 0 eng
010 _a 95011745
035 _a(OCoLC)ocm32242370
040 _aDLC
_cDLC
_dUKM
_dBTCTA
015 _aGB98-70648
019 _a40106055
020 _a0194347591
020 _a9780194347594
029 1 _aUKM
_bb9870648
035 _a(OCoLC)32242370
_z(OCoLC)40106055
041 0 _aengcpf
043 _anwht---
050 1 4 _aR PM 7854
_bG745b 1995
082 0 0 _a423/.41
_220
049 _aGRAL
100 1 _aGramer, Margot.
245 1 4 _aThe basic Oxford picture dictionary /
_cMargot F. Gramer ; translated by Techno-Graphics & Translations, Inc. ; editing of Haitian Creole by Carole Berotte Joseph ; illustrations by Skip Baker ... [et al.].
250 _aEnglish/Haitian Creole ed.
260 _aNew York, NY :
_bOxford University Press,
_cc1995.
300 _a134 p. :
_bcol. ill. ;
_c28 cm.
500 _aIncludes indexes.
650 0 _aEnglish language
_xDictionaries
_xCreole dialects, French.
651 0 _aHaiti
_xLanguages
_xDictionaries.
650 0 _aPicture dictionaries, English.
650 4 _aCEH
650 4 _aColección Estudios Haitianos
700 1 _aJoseph, Carole Berotte.
938 _aBaker and Taylor
_bBTCP
_n95011745
942 _2lcc
_cbk
994 _aC0
_bDRFGD
999 _c102526
_d102526